ბათუმის შოთა რუსთაველის სახელმწიფო უნივერსიტეტის ბიბლიოთეკა

Тур бизнес №12 Ноябрь 2014. (ბიბ.ჩანაწერი № 47329)

000 -LEADER
fixed length control field 00552nam a2200193Ia 4500
001 - CONTROL NUMBER
control field 14190
003 - CONTROL NUMBER IDENTIFIER
control field GE_BSU
008 - FIXED-LENGTH DATA ELEMENTS--GENERAL INFORMATION
fixed length control field 181216s||||||||xx |||||||||||||| ||und||
040 ## - CATALOGING SOURCE
Transcribing agency GE_BSU
245 ## - TITLE STATEMENT
Title Тур бизнес №12 Ноябрь 2014.
245 ## - TITLE STATEMENT
Remainder of title Путешествие за здоровьем
245 ## - TITLE STATEMENT
Statement of responsibility, etc. Гл.ред. Елена Борисова
260 ## - PUBLICATION, DISTRIBUTION, ETC.
Place of publication, distribution, etc. Москва
260 ## - PUBLICATION, DISTRIBUTION, ETC.
Date of publication, distribution, etc. 2014
300 ## - PHYSICAL DESCRIPTION
Extent 40стр.28см.
653 ## - INDEX TERM--UNCONTROLLED
Uncontrolled term Путешествие за дздоровьем
653 ## - INDEX TERM--UNCONTROLLED
Uncontrolled term Турбизнес
942 ## - ADDED ENTRY ELEMENTS (KOHA)
Koha item type პერიოდიკა
ეგზემპლარები
Withdrawn status Lost status Damaged status Not for loan Date acquired Barcode Date last seen Price effective from Koha item type
        2018-12-17 p76709 2018-12-17 2018-12-17 პერიოდიკა